Sprog
English
Deutsch
Español
Français
Italiano
日本語
Nederlands
Português
Português (Brasil)
中文(简体)
中文(繁體)
Türkçe
עברית
Gaeilge
Cymraeg
Ελληνικά
Català
Euskara
Русский
Čeština
Suomi
Svenska
polski
Dansk
slovenščina
اللغة العربية
বাংলা
Galego
Tiếng Việt
Hrvatski
हिंदी
Հայերէն
Українська
Alle Felter
Titel
Forfatter
Fag
ISBN/ISSN
Tag
Identifier
Find
Udvidet
Vol. 111, № 5; Physical Review...
Citér dette
Stav dette
Email dette
Udskriv
Eksportér post
Eksportér til RefWorks
Eksportér til EndNoteWeb
Eksportér til EndNote
Permanent link
এক্সপোর্ট সম্পূর্ন হয়েছে —
Vol. 111, № 5; Physical Review. Second Series
Bibliografiske detaljer
Parent link:
Physical Review. Second Series: journal of Experimental and Theoretical Physics/ The American Physical Society. Vol. 111, № 5.— , 1923-1932, 1947-1969
Sprog:
engelsk
Udgivet:
1958
Format:
Bog
KOHA link:
https://koha.lib.tpu.ru/cgi-bin/koha/opac-detail.pl?biblionumber=558856
Beholdninger
Beskrivelse
Lignende værker
Medarbejdervisning
MARC
LEADER
00000nam2a2200000 4500
001
558856
005
20231101122439.0
035
|a
(RuTPU)RU\TPU\prd\253514
035
|a
RU\TPU\prd\253504
090
|a
558856
100
|a
20160302a19231969k y0engy50 ba
101
0
|a
eng
102
|a
US
200
0
|a
Vol. 111, № 5
210
|d
1958
461
1
|0
(RuTPU)RU\TPU\prd\223
|t
Physical Review. Second Series
|o
journal of Experimental and Theoretical Physics
|f
The American Physical Society
|v
Vol. 111, № 5
|d
1923-1932, 1947-1969
801
0
|a
RU
|b
63413507
|c
20010227
|g
PSBO
801
1
|a
RU
|b
63413507
|c
20080423
|g
PSBO
801
2
|a
RU
|b
63413507
|c
20160302
|g
PSBO
942
|c
BK
999
|a
НТБ_ТПУ
|b
НФ
|e
-14/20160111
|p
П-558
|u
0,00
|v
1
|x
6596
Lignende værker
Vol. 111, № 3; Physical Review. Second Series
Udgivet: (1958)
Vol. 111, № 4; Physical Review. Second Series
Udgivet: (1958)
Vol. 111, № 6; Physical Review. Second Series
Udgivet: (1958)
Vol. 111, № 2; Physical Review. Second Series
Udgivet: (1958)
Vol. 111, № 1; Physical Review. Second Series
Udgivet: (1958)